[Event "XI Miguel Najdorf Open A 2013"]
[Site "Warsaw POL"]
[Date "2013.08.07"]
[Round "3.24"]
[White "Kaczorowski,P"]
[Black "Kubeczko,Grzegorz"]
[Result "1-0"]
[WhiteElo "2047"]
[BlackElo "2024"]

1.Nf3 Nf6 2.c4 c6 3.d4 d5 4.Qc2 g6 5.Bf4 Bg7 6.e3 O-O 7.Bd3 dxc4 8.Bxc4 Bf5
9.Qb3 Qb6 10.O-O Nbd7 11.Nc3 Ne4 12.Rfd1 Nd6 13.Na4 Qa5 14.Bd3 Be6 15.Qc2 c5
16.dxc5 Rac8 17.Qd2 Qxd2 18.Rxd2 Nxc5 19.Nxc5 Rxc5 20.Bxd6 exd6 21.Kf1 Rfc8
22.Ke2 Bd5 23.Rad1 Rc1 24.Rxc1 Rxc1 25.b3 Bc3 26.Rc2 Rxc2+ 27.Bxc2 f5 28.g3 Bf6
29.h4 h6 30.Nd4 a6 31.h5 Bxd4 32.exd4 Kg7 33.Ke3 gxh5 34.Bxf5 Kf6 35.Kf4 b6
36.Bd3 a5 37.Bb5 Bf7 38.Be2 Be8 39.a3 Bf7 40.b4 Bg6 41.Bb5 Ke6 42.bxa5 bxa5
43.Ke3 Kd5 44.f4 Bf5 45.Be8 h4 46.gxh4 Kc4 47.h5 Kb3 48.Bg6 Bd7 49.f5 Kxa3
50.f6 Be6 51.f7 Bxf7 52.Bxf7 Kb2 53.Be8 Kc3 54.Ke4 Kc4 55.Bd7 Kc3 56.Kd5 Kd3
57.Bc6 Kc3 58.Ke4 Kc4 59.d5 Kc5 60.Kd3 Kb4 61.Kc2 Ka3 62.Kc3 Ka2 63.Kc4 Ka3
64.Kb5 a4 65.Kb6  1-0

[Event "17th Godesberg Open"]
[Site "Bonn GER"]
[Date "2013.08.08"]
[Round "6.16"]
[White "Runte,Dirk"]
[Black "Mueller,Ac2"]
[Result "1/2-1/2"]
[WhiteElo "1723"]
[BlackElo "1971"]

1.d4 d5 2.c4 c6 3.Nf3 Nf6 4.g3 dxc4 5.Bg2 e6 6.O-O Nbd7 7.Nc3 b5 8.Ne5 Nxe5
9.dxe5 Qxd1 10.Rxd1 Nd5 11.Ne4 Bb7 12.h3 Be7 13.Bg5 f6 14.exf6 gxf6 15.Bd2 O-O
16.Ba5 Rf7 17.Nd2 Rc8 18.Nf3 Bc5 19.e4 Nb4 20.Bxb4 Bxb4 21.Nd4 Re7 22.Nc2 Bc5
23.b3 Ba6 24.bxc4 b4 25.Bf1 Rb8 26.Nd4 Bb7 27.Nb3 Bb6 28.c5 Bc7 29.a3 a5
30.axb4 axb4 31.Ra4 Bc8 32.Rd4 e5 33.Rdxb4 Rxb4 34.Rxb4 Be6 35.Rb7 Rd7 36.Kg2 f5
37.exf5 Bxf5 38.Bc4+ Kg7 39.Ra7 Be4+ 40.f3 Bd5 41.Bxd5 cxd5 42.c6 Re7 43.Nc5 Kf7
44.Na6 Bd6 45.Rb7 Ke8 46.Nb4 Bxb4 47.Rb8+ Kf7 48.Rxb4 Ke6 49.Rb7 Kd6 50.g4 Rc7
51.g5 Kxc6 52.Rxc7+ Kxc7 53.h4 Kd6 54.f4 exf4 55.Kf3 Ke5 56.h5 Kf5 57.g6 hxg6
58.hxg6 Kxg6 59.Kxf4 Kf6 60.Ke3 Ke5 61.Kd3 d4 62.Kd2 Ke4 63.Ke2 d3+ 64.Kd2 Kd4
65.Kd1 Ke3 66.Ke1 Ke4 67.Kd2 Kd4 68.Kd1 Ke3 69.Ke1 d2+ 70.Kd1 Kd3  1/2-1/2

[Event "Razuvaev Memorial"]
[Site "Rockville USA"]
[Date "2013.08.09"]
[Round "2.4"]
[White "Alburt,L"]
[Black "Sedina,E"]
[Result "1-0"]
[WhiteElo "2539"]
[BlackElo "2311"]

1.d4 d5 2.c4 c6 3.Nf3 Nf6 4.Qb3 dxc4 5.Qxc4 Bf5 6.g3 e6 7.Bg2 Be7 8.O-O O-O
9.Nc3 Nbd7 10.Re1 Ne4 11.Bf4 Nxc3 12.bxc3 Be4 13.Qb3 c5 14.Rad1 Qc8 15.Bh3 Nb6
16.Ne5 cxd4 17.Rxd4 Bd5 18.c4 Bc6 19.Nxc6 Qxc6 20.Bg2 Qc5 21.Be3 Qc7 22.Rc1 Bc5
23.Rh4 Bxe3 24.Qxe3 h6 25.Rg4 Kh8 26.c5 Nd5 27.Bxd5 exd5 28.Qd4 f5 29.Rg6 Kh7
30.Rd6 Rad8 31.Rxd5 Rxd5 32.Qxd5 f4 33.Rb1 Rf7 34.Rb3 Kh8 35.Rd3 Qe7 36.Qd8+ Kh7
37.Qxe7 Rxe7 38.Kf1 Rf7 39.g4 Rc7 40.Rd5 g5 41.h4 Kg6 42.Kg2 gxh4 43.Kf3 h3
44.Rh5 h2 45.Kg2 Re7 46.Kf3 Rc7 47.a4 Rxc5 48.Rxh2 Ra5 49.Kxf4 Rxa4+ 50.e4 Ra2
51.Kg3 b5 52.Rh5 b4 53.Rb5 a5 54.f3 Ra3 55.Kf4 b3 56.Rb6+ Kf7 57.Ke5 a4 58.f4 Ra2
59.Rb7+ Ke8 60.Rb4 Kd7 61.f5 Kc6 62.Kd4 b2 63.f6 a3 64.f7 b1=Q 65.Rxb1 Rf2
66.Ra1 Rxf7 67.Rxa3 Rf4 68.Ra6+ Kd7 69.Rg6 Ke7 70.Ke5 Rf1 71.Rxh6 Ra1 72.Rh7+ Kf8
73.Kf5 Rf1+ 74.Kg6 Ra1 75.Rh8+ Ke7 76.g5 Ra5 77.Kh6 Ra1 78.g6 Rg1 79.Ra8 Rg4
80.g7 Rh4+ 81.Kg5  1-0

[Event "HZ Open 2013"]
[Site "Vlissingen NED"]
[Date "2013.08.09"]
[Round "8.5"]
[White "Reinderman,D"]
[Black "Ducarmon,Q"]
[Result "0-1"]
[WhiteElo "2598"]
[BlackElo "2438"]

1.Nf3 d5 2.d4 Nf6 3.c4 c6 4.Qb3 dxc4 5.Qxc4 Bg4 6.Nc3 Nbd7 7.e4 Bxf3 8.gxf3 e5
9.Be3 exd4 10.Bxd4 Bd6 11.O-O-O Qc7 12.Kb1 O-O 13.Ne2 Rfe8 14.Qc2 Rad8 15.Rg1 Bxh2
16.Rh1 Nf8 17.Bxf6 gxf6 18.Nd4 Be5 19.Nf5 Rxd1+ 20.Qxd1 Rd8 21.Qc2 Qa5 22.Bd3 Ne6
23.a3 Nf4 24.Qb3 Rd7 25.Bc2 Qb6 26.Rg1+ Ng6 27.Nh6+ Kg7 28.Nf5+ Kg8 29.Nh6+ Kf8
30.Qxb6 axb6 31.Nf5 Bf4 32.Rh1 Kg8 33.Nh6+ Kg7 34.Nf5+ Kh8 35.Bb3 Ne5 36.Nh4 Bg5
37.Ka2 Rd2 38.Nf5 Rxf2 39.Nd6 Nd3 40.Bc4 Nxb2 41.Nxf7+ Kg7 42.Be6 Na4+ 43.Kb1 Rxf3
44.Nd6 Nc5 45.Bf5 h6 46.Rd1 Rxa3 47.Kc2 Ra2+ 48.Kc3 Bf4 49.Nc4 b5 50.Kb4 bxc4
51.Kxc5 c3 52.Rd7+ Kf8 53.Kd4  0-1

[Event "HZ Open 2013"]
[Site "Vlissingen NED"]
[Date "2013.08.09"]
[Round "8.18"]
[White "Stefan,Romulus-Cristian"]
[Black "Rijnaarts,S"]
[Result "0-1"]
[WhiteElo "2188"]
[BlackElo "2354"]

1.d4 d5 2.c4 c6 3.Nf3 Nf6 4.Nbd2 Bg4 5.Ne5 Bf5 6.e3 Nbd7 7.cxd5 cxd5 8.Qb3 Qc7
9.Nxd7 Bxd7 10.Bd3 a5 11.a3 e6 12.Nf3 Bd6 13.Bd2 O-O 14.Rc1 Qb8 15.Qc2 Rc8
16.Qb1 Rxc1+ 17.Bxc1 Qe8 18.O-O Bb5 19.Bd2 Qc6 20.Rc1 Qa6 21.Bc2 h6 22.Ne5 Qb6
23.h3 Qd8 24.a4 Be8 25.b4 b6 26.b5 Ba3 27.Rf1 Rc8 28.Bd3 Qe7 29.f4 Nd7 30.Nc6 Qd6
31.f5 Nf8 32.fxe6 Nxe6 33.Ne5 f6 34.Ng6 Bf7 35.Nh4 Ng5 36.Nf5 Qe6 37.Ng3 Re8
38.Bf5 Qd6 39.Qe1 Bb2 40.Qf2 Qa3 41.Bc2 Qd6 42.h4 Ne4 43.Nf5 Qc7 44.Bxe4 Rxe4
45.Bxa5 Ba3 46.Bd2 Kh7 47.Qf3 h5 48.Be1 Bg6 49.Bg3 Qc2 50.Bf4 Qxa4 51.Ng3 Qxb5
52.Nxh5 Qd7 53.Ng3 Re8 54.h5 Bd3 55.Rd1 Bc2 56.Rd2 Rc8 57.Kh2 b5 58.Qe2 Bf5
59.Nxf5 Qxf5 60.g4 Qb1 61.Rd1 Qe4 62.Qxb5 Qc2+  0-1

[Event "Geraardsbergen Open 2013"]
[Site "Geraardsbergen BEL"]
[Date "2013.08.10"]
[Round "2.3"]
[White "Vanhee,F"]
[Black "Claesen,P"]
[Result "0-1"]
[WhiteElo "1968"]
[BlackElo "2342"]

1.d4 d5 2.Nf3 Nf6 3.c4 c6 4.Nbd2 Bf5 5.Nh4 Be4 6.f3 Bg6 7.Nxg6 hxg6 8.e4 dxe4
9.Nxe4 Nxe4 10.fxe4 e5 11.g3 Bb4+ 12.Kf2 Bc5  0-1

[Event "21st Poznan Open"]
[Site "Poznan POL"]
[Date "2013.08.11"]
[Round "5.24"]
[White "Sklepinski,A"]
[Black "Bzdega,Bartlomiej"]
[Result "1-0"]
[WhiteElo "1751"]
[BlackElo "1421"]

1.d4 Nf6 2.Nf3 d5 3.c4 c6 4.Qc2 e6 5.g3 Bb4+ 6.Bd2 Bxd2+ 7.Nbxd2 Nbd7 8.Bg2 O-O
9.O-O a6 10.b4 b5 11.cxb5 cxb5 12.Nb3 Qb6 13.Nc5 Nxc5 14.dxc5 Qc7 15.Nd4 e5
16.Nb3 Bd7 17.Rfd1 Bc6 18.Na5 Rfd8 19.h3 Ra7 20.Qb2 e4 21.Qd4 h6 22.h4 Bd7
23.c6 Be6 24.Qc5 Raa8 25.Rd4 Kh8 26.Rc1 Kg8 27.a3 Kh8 28.Rc2 Kg8 29.Nb7 Rdc8
30.Rd1 Rab8 31.Rdc1 Ne8 32.Kh2 Nf6 33.Bh3 Ne8 34.f3 f5 35.fxe4 dxe4 36.Bxf5 Bxf5
37.Qxf5 Nf6 38.Qe6+ Kh7 39.Nd6 Rf8 40.e3 Kh8 41.Nxe4 Rbe8 42.Qd6 Rf7 43.Qxc7 Rxc7
44.Nxf6 gxf6 45.Rd2 Kg7 46.Kh3 Rec8 47.Kg4 Rxc6 48.Rd7+ Kf8 49.Rxc6 Rxc6
50.Kf5 Rc3 51.Kxf6 Ke8 52.Re7+ Kd8 53.g4 Rxa3 54.g5 hxg5 55.hxg5 Ra2 56.Re6 Kd7
57.Re4 Rf2+ 58.Rf4 Re2 59.e4 Ke8 60.e5 Rc2 61.g6 Rc6+ 62.e6  1-0

[Event "10th Malaysian Open"]
[Site "Kuala Lumpur MAS"]
[Date "2013.08.12"]
[Round "5.2"]
[White "Fominyh,A"]
[Black "Ma Qun"]
[Result "1/2-1/2"]
[WhiteElo "2450"]
[BlackElo "2600"]

1.d4 d5 2.Nf3 Nf6 3.c4 c6 4.Qb3 dxc4 5.Qxc4 Bf5 6.Nc3 Nbd7 7.g3 e6 8.Bg2 Be7
9.O-O O-O 10.Re1 Ne4 11.Bf4 Nxc3 12.bxc3 Be4 13.Nd2 Bxg2 14.Kxg2 c5 15.Nf3 Nb6
16.Qd3 Rc8 17.a4 Nd5 18.Bd2 cxd4 19.cxd4 h6 20.Reb1 b6 21.a5 Qc7 22.Qa6 Qc4
23.Qxc4 Rxc4 24.axb6 axb6  1/2-1/2

[Event "10th Malaysian Open"]
[Site "Kuala Lumpur MAS"]
[Date "2013.08.14"]
[Round "6.3"]
[White "Wang Rui"]
[Black "Lu Shanglei"]
[Result "1/2-1/2"]
[WhiteElo "2408"]
[BlackElo "2538"]

1.d4 d5 2.c4 c6 3.Nf3 Nf6 4.Qc2 e6 5.g3 Nbd7 6.Bg2 b5 7.b3 bxc4 8.bxc4 Ba6
9.Nbd2 Bb4 10.Rb1 Rb8 11.O-O O-O 12.Qa4 Bxd2 13.Rxb8 Qxb8 14.Nxd2 Qc8 15.Ba3 Re8
16.cxd5  1/2-1/2

[Event "24th ch-NATO 2013"]
[Site "Rynia POL"]
[Date "2013.08.15"]
[Round "6.8"]
[White "Hansen,Ste"]
[Black "Macaspac,A"]
[Result "1/2-1/2"]
[WhiteElo "2099"]
[BlackElo "2107"]

1.d4 d5 2.Nf3 Nf6 3.c4 c6 4.g3 g6 5.Bg2 Bg7 6.O-O O-O 7.Nc3 dxc4 8.a4 a5
9.e4 Bg4 10.h3 Bxf3 11.Bxf3 Na6 12.Be3 Nb4 13.Qe2 Qd7 14.Bg2 Rfd8 15.Rfd1 Qe6
16.Kh2 h5 17.f4 Qd7 18.Rab1 Qc7 19.Qxc4 h4 20.g4 Nc2 21.Bc1 Nxd4 22.e5 Ne6
23.Rxd8+ Rxd8 24.exf6 Bxf6 25.Be3 Rd4 26.Bxd4 Qxf4+ 27.Kh1 Be5 28.Kg1 Qh2+
29.Kf1 Qf4+ 30.Kg1 Qh2+ 31.Kf1 Qf4+ 32.Ke1 Bxd4 33.Bf1 Qf2+ 34.Kd1 Nf4 35.Rc1 e5
36.Rc2 Qe3 37.Rd2 Nxh3 38.Bxh3 Qxh3 39.Qe2 Bxc3 40.bxc3 Qxc3 41.Qe4 h3 42.Re2 h2
43.Rxh2 Qa1+ 44.Kd2 Qb2+ 45.Qc2 Qd4+ 46.Kc1 Qa1+ 47.Qb1 Qxa4 48.Qb2 Qf4+
49.Qd2 Qf1+ 50.Kb2 Qb5+ 51.Ka2 Qc4+ 52.Kb1 Qb3+ 53.Qb2 Qd1+ 54.Ka2 Qa4+ 55.Kb1 Qd1+
56.Ka2 Qa4+ 57.Kb1  1/2-1/2

[Event "9th BDO Challenger"]
[Site "Haarlem NED"]
[Date "2013.08.17"]
[Round "1.3"]
[White "Meng,R"]
[Black "Tan,Ju2"]
[Result "0-1"]
[WhiteElo "2307"]
[BlackElo "2322"]

1.d4 Nf6 2.Nf3 d5 3.c4 c6 4.Nbd2 Bf5 5.Nh4 Be6 6.e3 dxc4 7.Nxc4 Nbd7 8.Nf3 Bf5
9.Bd3 Bxd3 10.Qxd3 e6 11.O-O Be7 12.Rd1 c5 13.b3 O-O 14.Bb2 Qc7 15.Rac1 Rad8
16.Qb1 b6 17.e4 Qb7 18.d5 exd5 19.exd5 Nxd5 20.Qe4 N7f6 21.Bxf6 Bxf6 22.Rd2 Qe7
23.Qxe7 Nxe7 24.Rcd1 Nc6 25.Rxd8 Rxd8 26.Rxd8+ Bxd8 27.a4 f6 28.Kf1 Kf7 29.Ke2 Ke6
30.Kd3 f5 31.h3 g6 32.Kd2 Bf6 33.Kd3 Nb4+ 34.Ke2 Nd5 35.g3 Nc3+ 36.Ke3 Ne4
37.Ke2 Bd8 38.Nfd2 Nc3+ 39.Kd3 Nd5 40.Ne3 Nb4+ 41.Ke2 Nc6 42.Nf3 Na5 43.Nd2 a6
44.Nec4 Nb7 45.Na3 Kd5 46.Kd3 Bc7 47.Nf3 Nd6 48.Nc4 Ne4 49.Ne3+ Kc6 50.Ke2 b5
51.axb5+ Kxb5 52.Nd2 Nxd2 53.Kxd2 f4 54.Nd5 fxg3 55.fxg3 Bxg3 56.Kc3 h5 57.Kd3 Bd6
58.Kc3 g5 59.Ne3 g4 60.hxg4 h4 61.g5 Bf4  0-1

[Event "22nd ZMDI Open 2013"]
[Site "Dresden GER"]
[Date "2013.08.18"]
[Round "9.34"]
[White "Peil,C"]
[Black "Mueller Dehn,C"]
[Result "0-1"]
[WhiteElo "2015"]
[BlackElo "2181"]

1.d4 d5 2.c4 c6 3.Nf3 Nf6 4.Qc2 dxc4 5.Qxc4 Bg4 6.Ne5 Bh5 7.Nc3 Nbd7 8.h3 e6
9.g4 Bg6 10.Nxg6 hxg6 11.Bg2 Rc8 12.Bf4 Qa5 13.O-O Qb4 14.Qxb4 Bxb4 15.e4 O-O
16.Rfd1 Rfd8 17.Bg5 Be7 18.Be3 Bb4 19.Rac1 a6 20.a3 Ba5 21.b4 Bb6 22.Na4 Ba7
23.Nc5 Nxc5 24.bxc5 b5 25.cxb6 Bxb6 26.Rb1 Nd7 27.Bf1 a5 28.Bf4 Ra8 29.Rd2 Kf8
30.Bd6+ Ke8 31.e5 f6 32.Bg2 Rac8 33.Rdd1 Kf7 34.Rbc1 g5 35.Kf1 Ba7 36.Ke2 Bb8
37.Rxc6 Rxc6 38.Bxc6 Bxd6 39.exd6 Nb8 40.Be4 Rxd6 41.d5 exd5 42.Bxd5+ Ke7
43.Ke3 Nd7 44.Ke4 Rb6 45.Bc4 Ne5 46.Bd5 Rb2 47.Ke3 Rc2 48.Kd4 Rxf2 49.Rb1 Rd2+
50.Kc5 Nd7+ 51.Kc4 Kd6 52.Be4 Ne5+ 53.Kb5 Rd4 54.Bb7 a4 55.Rb4 Rd3 56.Rxa4 Rxh3
57.Ra6+ Kc7 58.Bd5 Rh8 59.Kc5 Nd7+ 60.Kd4 Nb6 61.Be4 Rd8+ 62.Kc5 Nd7+ 63.Kc4 Rc8
64.Kb5 Rb8+ 65.Kc4 Rb6 66.Ra7+ Kd6 67.Bf5 Ne5+ 68.Kc3 Rc6+ 69.Kb4 g6 70.Bb1 Rb6+  0-1

[Event "TCh-POR Div1 Final 2013"]
[Site "Matosinhos POR"]
[Date "2013.08.18"]
[Round "1.5"]
[White "Martinez Duany,L"]
[Black "Vasconcellos,RF"]
[Result "1-0"]
[WhiteElo "2457"]
[BlackElo "2046"]

1.d4 d5 2.c4 c6 3.Nf3 Nf6 4.Qc2 g6 5.Bf4 Bg7 6.e3 Bf5 7.Qb3 Qb6 8.Nc3 Nbd7
9.h3 O-O 10.Be2 Ne4 11.O-O Ndf6 12.c5 Qxb3 13.axb3 Nd7 14.b4 a6 15.g4 Be6
16.Kg2 h6 17.Ne5 Nxe5 18.Bxe5 f6 19.Bh2 f5 20.f3 Nxc3 21.bxc3 Rad8 22.Bd3 fxg4
23.hxg4 g5 24.Bc7 Rc8 25.Be5 Bxe5 26.dxe5 Kg7 27.Kg3 Bf7 28.f4 Bg6 29.f5 Bh7
30.Rf2 Rce8 31.Rh1 Rh8 32.Rfh2 Bg8 33.Kf3 Rf8 34.Ke2 Bf7 35.Kd2 h5 36.Kc2 h4
37.Kb3 Be8 38.e6 Kf6 39.Ka4 Bh5 40.Rg1 Be8 41.Rh3 b5+ 42.Ka5 Ke5 43.Kb6 Rfg8
44.e4 d4 45.cxd4+ Kxd4 46.Be2 Ke5 47.Bd1 Rf8 48.Bf3 Rhg8 49.Rd1 Rh8 50.Rd8 Rhg8
51.Kxa6 Kf4 52.Bd1 Kxe4 53.Kb6 Kf4 54.Kc7 Ke5 55.Rdd3 Kf6 56.Bf3 Rh8 57.Bxc6 Bxc6
58.Kxc6 Rb8 59.Kd5 Rhd8+ 60.Ke4 Rxd3 61.Rxd3 Rh8 62.Rh3 Rd8 63.c6 Rd6 64.Rc3 h3
65.Rxh3 Rxc6 66.Rh6+ Kg7 67.Rg6+ Kf8 68.Rxg5 Rc4+ 69.Ke5 Rxb4 70.Rh5 Rxg4
71.Rh8+ Rg8 72.Rxg8+ Kxg8 73.f6 exf6+ 74.Kd6  1-0

[Event "3rd Split Open 2013"]
[Site "Split CRO"]
[Date "2013.08.18"]
[Round "9.8"]
[White "Kurajica,B"]
[Black "Blazeka,M"]
[Result "1/2-1/2"]
[WhiteElo "2516"]
[BlackElo "2282"]

1.d4 d5 2.c4 c6 3.Qc2 Nf6 4.Nf3 e6 5.Nbd2 dxc4 6.Qxc4 b5 7.Qc2 Bb7 8.e4 Nbd7
9.a3 a5 10.Bd3 h6 11.O-O Qb6 12.b3 Be7 13.Qd1 O-O 14.Qe2 Rfd8 15.Bb2 Ba6
16.Rfc1 c5 17.a4 bxa4 18.Bxa6 Qxa6 19.Qxa6 Rxa6 20.Rxa4 Nb6 21.Ra2 Rc8 22.Ne5 Raa8
23.f3 Nfd7 24.Nxd7 Nxd7 25.Ba3 Bg5 26.dxc5 Nxc5 27.Bxc5 Rxc5 28.Rxc5 Be3+
29.Kf1 Bxc5 30.Nc4 Bb4 31.Ke2 Kf8 32.Ra4 Rb8 33.Nxa5 Bxa5 34.Rxa5 Rxb3 35.Ke1  1/2-1/2

[Event "12th Lichtenberger Sommer"]
[Site "Berlin GER"]
[Date "2013.08.19"]
[Round "3.24"]
[White "Cvetanovic,Damjan"]
[Black "Simon,Ra"]
[Result "0-1"]
[WhiteElo "1937"]
[BlackElo "2194"]

1.d4 d5 2.c4 c6 3.Nf3 Nf6 4.g3 Bf5 5.Bg2 dxc4 6.Ne5 Be4 7.Bxe4 Nxe4 8.Nxc4 Nxg3
9.fxg3 Qd5 10.O-O Qxc4 11.e4 e5 12.Be3 exd4 13.b3 Qe6 14.Bxd4 Nd7 15.Nc3 O-O-O
16.Qc2 Kb8 17.Rad1 Bc5 18.Nb5 Bb6 19.Bxb6 Nxb6 20.Nd4 Qe5 21.Rf5 Qd6 22.Rff1 Qc7
23.Qf2 Rd7 24.Nf5 f6 25.a4 Re8 26.Qc2 Nc8 27.Kg2 Nd6 28.Kh1 Nxf5 29.exf5 Qe5
30.Rde1  0-1

[Event "TCh-POR Div1 Final 2013"]
[Site "Matosinhos POR"]
[Date "2013.08.20"]
[Round "4.2"]
[White "Martinez Duany,L"]
[Black "Silva,Mi3"]
[Result "1-0"]
[WhiteElo "2457"]
[BlackElo "2111"]

1.d4 d5 2.Nf3 Nf6 3.c4 c6 4.Qc2 g6 5.e3 Bf5 6.Qb3 Qb6 7.Nc3 Na6 8.Bd2 Qxb3
9.axb3 Nb4 10.Ra4 e6 11.Ne5 Nd7 12.c5 a5 13.Nxd7 Kxd7 14.f3 Bc2 15.Ra3 Nd3+
16.Bxd3 Bxd3 17.Na4 Ra6 18.Bxa5 Bg7 19.Kd2 Bb5 20.Nb6+ Ke7 21.Bc3 f6 22.e4 Bh6+
23.Kc2 Bf4 24.Be1 Be3 25.exd5 exd5 26.Kc3 Bf4 27.Bg3 Bxg3 28.hxg3 Kf7 29.Kb4 Bd3
30.Rd1 Be2 31.Re1 Bd3 32.Na4 Re8 33.Rxe8 Kxe8 34.Ra1 Ra8 35.Rd1 Bc2 36.Rd2 Bf5
37.g4 Be6 38.Rd1 Kf7 39.Rh1 Kg7 40.Re1 Kf7 41.Nb6 Ra6 42.Kc3 f5 43.g5 f4
44.Rh1 Kg7 45.Kd2 Bf5 46.Na4 h5 47.gxh6+ Kh7 48.Rh4  1-0

[Event "28th Schwarzacher Open"]
[Site "Schwarzach AUT"]
[Date "2013.08.20"]
[Round "5.6"]
[White "Epishin,V"]
[Black "Panteleev,P"]
[Result "1-0"]
[WhiteElo "2598"]
[BlackElo "2335"]

1.d4 d5 2.c4 c6 3.Nf3 Nf6 4.Qb3 dxc4 5.Qxc4 Bf5 6.e3 e6 7.Nbd2 Be7 8.Nh4 Bg6
9.Nxg6 hxg6 10.Be2 Nbd7 11.Qb3 Qc7 12.g3 c5 13.O-O cxd4 14.exd4 O-O 15.Nf3 Qb6
16.Qa4 Qb4 17.Qc2 Nd5 18.a3 Qd6 19.Qb3 N5b6 20.Rd1 Qd5 21.Qd3 Qf5 22.Nd2 Qxd3
23.Bxd3 Nf6 24.Nb3 Nbd5 25.Na5 Rab8 26.Bd2 Rfc8 27.Rac1 Rxc1 28.Rxc1 Bd8
29.b4 Bxa5 30.bxa5 Kf8 31.Rb1 Ke7 32.a4 b6 33.Kf1 Rc8 34.Ke2 Nd7 35.Rb3 Kd6
36.a6 Rc7 37.a5 N7f6 38.axb6 axb6 39.f3 Ra7 40.Bc1 Kd7 41.Bg5 Kd6 42.Bc4 Nd7
43.Kd3 f6 44.Bf4+ Ke7 45.h4 Kd8 46.Bd6 Nc7 47.Bxc7+ Kxc7 48.Bb5 Nb8 49.Ra3 Kd6
50.Kc4 Nc6 51.Bxc6 Kxc6 52.Kb4 b5 53.Ka5 b4 54.Rb3 Rd7 55.Rxb4 Rd5+ 56.Ka4 Rd7
57.g4 Rd8 58.Kb3 Ra8 59.Rb7 Rxa6 60.Rxg7 Kd5  1-0

[Event "6th Jessie Gilbert Open 2013"]
[Site "Coulsdon ENG"]
[Date "2013.08.21"]
[Round "5"]
[White "Lalic,B"]
[Black "Starostits,I"]
[Result "1/2-1/2"]
[WhiteElo "2484"]
[BlackElo "2475"]

1.d4 d5 2.c4 c6 3.Nf3 dxc4 4.e3 Be6 5.Qc2 Nf6 6.Bxc4 Bxc4 7.Qxc4 Qa5+ 8.Nbd2 e6
9.O-O Nbd7 10.a3 Be7  1/2-1/2

[Event "12th Lichtenberger Sommer"]
[Site "Berlin GER"]
[Date "2013.08.22"]
[Round "6.63"]
[White "Willich,M"]
[Black "Prix,S"]
[Result "1/2-1/2"]
[WhiteElo "1981"]
[BlackElo "1803"]

1.d4 d5 2.c4 c6 3.Nf3 Nf6 4.Nbd2 Bf5 5.g3 Nbd7 6.Bg2 e6 7.O-O Bd6 8.Re1 O-O
9.Nh4 Bg6 10.Nxg6 hxg6 11.e4 dxe4 12.Nxe4 Nxe4 13.Bxe4 Nf6 14.Bg5 Be7 15.Bg2 Re8
16.Be3 Qa5 17.a3 Rad8 18.Qe2 Qc7 19.b4 a6 20.Bf4 Qc8 21.Rad1 Rd7 22.Be5 Red8
23.h3 Bd6 24.Bf3 Bxe5 25.dxe5 Ne8 26.Be4 Rd4 27.Bc2 b5 28.cxb5 cxb5 29.Rxd4 Rxd4
30.Rd1 Rxd1+  1/2-1/2

[Event "6th Jessie Gilbert Open 2013"]
[Site "Coulsdon ENG"]
[Date "2013.08.22"]
[Round "7"]
[White "Croad,N"]
[Black "Starostits,I"]
[Result "1/2-1/2"]
[WhiteElo "2271"]
[BlackElo "2475"]

1.d4 d5 2.c4 dxc4 3.Nf3 c6 4.e3 Be6 5.a4 Nf6 6.Na3 Bd5 7.Nxc4 c5 8.Nce5 cxd4
9.Qxd4 Nc6 10.Nxc6 bxc6 11.Be2 e6  1/2-1/2

[Event "15th Sants Open 2013"]
[Site "Barcelona ESP"]
[Date "2013.08.23"]
[Round "1.8"]
[White "Kulaots,K"]
[Black "Nohr,F"]
[Result "1-0"]
[WhiteElo "2581"]
[BlackElo "2093"]

1.d4 Nf6 2.Nf3 d5 3.c4 c6 4.Qb3 dxc4 5.Qxc4 Bf5 6.g3 h6 7.Bg2 e6 8.O-O Nbd7
9.Nc3 Be7 10.Re1 Bh7 11.e4 O-O 12.Qe2 Bb4 13.Nd2 e5 14.a3 Ba5 15.dxe5 Nxe5
16.Nc4 Bc7 17.Be3 Qd3 18.Qxd3 Nxd3 19.Red1 Rfd8 20.Bf1 Ne5 21.Nxe5 Bxe5 22.f3 b6
23.Ba6 Rab8 24.Rac1 Rxd1+ 25.Rxd1 Kf8 26.Rd2 Ke7 27.Ne2 Rd8 28.Nd4 Bxd4 29.Bxd4 Ne8
30.Kf2 c5 31.Bc3 Rxd2+ 32.Bxd2 Nd6 33.Bc3 f6 34.e5 Nf7 35.exf6+ gxf6 36.g4 Bg6
37.Kg3 h5 38.h4 Nd6 39.Kf4 hxg4 40.fxg4 Bc2 41.Be2 Ne4 42.Be1 Nd6 43.Ke3 Nf7
44.Bg3 Nd6 45.Bd3 Bd1 46.Kf4 Nf7 47.g5 Ne5 48.Be4 Bh5 49.Be1 Nc4 50.Bc3 fxg5+
51.hxg5 Nd6 52.Bd3 c4 53.Bc2 Kf7 54.Ke5 Nb5 55.Kd5 Nxc3+ 56.bxc3 Be2 57.Kc6 Bd3
58.Ba4 Be4+ 59.Kb5 Bb7 60.Bc2 Ke6 61.Kxc4 a6 62.Kd4 Bc6 63.c4 Be8 64.Be4 a5
65.c5 bxc5+ 66.Kxc5 Bd7 67.Kb6 Ke5 68.Bc2 a4 69.Ka5 Be8 70.Bxa4 Bg6 71.Kb6  1-0

[Event "74th ch-ARM 1st League"]
[Site "Yerevan ARM"]
[Date "2013.08.23"]
[Round "3.1"]
[White "Gabuzyan,H"]
[Black "Hayrapetyan,A"]
[Result "1-0"]
[WhiteElo "2540"]
[BlackElo "2200"]

1.d4 d5 2.Nf3 Nf6 3.c4 c6 4.Qc2 g6 5.Bf4 Bg7 6.e3 Bf5 7.Bd3 Bxd3 8.Qxd3 dxc4
9.Qxc4 Nd5 10.Bg3 Qb6 11.Nbd2 Qa6 12.O-O Qxc4 13.Nxc4 Na6 14.Rac1 Nb6 15.Na5 O-O-O
16.a3 Nc7 17.b4 Nb5 18.Ng5 Rd5 19.Rc5 Bf6 20.Nxf7 Rf8 21.Ne5 Bxe5 22.Bxe5 Nxa3
23.Rfc1 Nb5 24.f3 e6 25.e4 Rxc5 26.dxc5 Nd7 27.Bg3 Nb8 28.Nc4 Na6 29.Nd6+ Nxd6
30.Bxd6 Re8 31.Ra1 Nxb4 32.Rxa7 Na6 33.Kf2 Nc7 34.Ra1 e5 35.Kg3 Re6 36.Kg4 Ne8
37.Ra8+ Kd7 38.Bf8 Nc7 39.Ra7 Kc8 40.Kg5 h5 41.h4 Ne8 42.Ra8+ Kd7 43.Ra3 Rf6
44.Bg7 Re6 45.Rb3 Kc7 46.Bh8 b6 47.Rxb6 Nd6 48.Kh6 Nb7 49.Rb2 Nxc5 50.Kg5 Kd6
51.Bf6 Nd7 52.Rd2+ Kc7 53.Bg7 Nc5 54.Rc2 Kb6 55.Re2 Kb5 56.Rd2 Kb6 57.Bf8 Na4
58.Rd6 Nc5 59.Rd1 Na4 60.Ra1 Nc3 61.Rc1 Ne2 62.Rb1+ Ka6 63.Kh6 Nf4 64.g3 Ne2
65.Kg7 c5 66.Bxc5 Rc6 67.Bf2 Rc3 68.Rb6+ Ka5 69.Rb2  1-0

[Event "TCh-SRB 1st League 2013"]
[Site "Kragujevac SRB"]
[Date "2013.08.24"]
[Round "1.6"]
[White "Benkovic,P"]
[Black "Pavlovic,G1"]
[Result "1/2-1/2"]
[WhiteElo "2428"]
[BlackElo "2378"]

1.d4 d5 2.c4 c6 3.Nf3 Nf6 4.Qb3 dxc4 5.Qxc4 Bf5 6.g3 e6 7.Bg2 Nbd7 8.O-O Be7
9.e3 O-O 10.Qe2 c5 11.Rd1 Rc8 12.Nc3 Ne4 13.Ne1 Nxc3 14.bxc3 Qc7 15.e4 Bg6
16.Nd3 cxd4 17.cxd4 Qc4 18.Bb2 Nb6 19.h4 Na4 20.Rab1 h6 21.Ba1 b6 22.Rdc1 Qa6
23.Bf1 Ba3 24.Rxc8 Rxc8 25.Rb3 Bf8 26.Qg4 Qb7 27.d5 Rc4 28.dxe6 Rxe4 29.Nf4 Re1
30.Nxg6 fxg6 31.Qxa4 Rxa1 32.Re3 Be7 33.Qc4 Rd1 34.Qc2 Qd5 35.Qxg6 Qc4 36.Rd3 Qxd3
37.Qxd3 Rxd3 38.Bxd3 Bc5 39.Kg2 Kf8 40.f4 Ke7 41.Bc4 b5 42.Bb3 a5 43.Kf3 a4
44.Bd5 Kd6 45.e7 Kxe7 46.Bc6 Kf6 47.Bxb5 a3 48.g4 g5 49.fxg5+ hxg5 50.hxg5+ Kxg5
51.Ke4  1/2-1/2

[Event "28th Schwarzacher Open"]
[Site "Schwarzach AUT"]
[Date "2013.08.24"]
[Round "9.5"]
[White "Epishin,V"]
[Black "Dudas,E"]
[Result "1/2-1/2"]
[WhiteElo "2598"]
[BlackElo "2242"]

1.d4 d5 2.c4 c6 3.Nf3 Nf6 4.Qb3 dxc4 5.Qxc4 Bf5 6.e3 Nbd7 7.Nbd2 e6 8.Be2 Be7
9.O-O O-O 10.a3 a5 11.Qa4 Qb6 12.Qd1 c5 13.Nh4 Bg6 14.Nxg6 hxg6 15.Nc4 Qc7
16.Qb3 a4 17.Qb5 cxd4 18.exd4 Qc6 19.Qxc6 bxc6 20.Bf3 Rac8 21.Bf4 Nd5 22.Bg3 c5
23.Nd6 Rc6 24.Nb5 cxd4 25.Bxd5 exd5 26.Nc7 Nb6 27.Rfe1 Bf6 28.Na6 Rc2 29.Rab1 Nc4
30.Nb4 Rxb2 31.Rbd1 Nxa3 32.Nxd5 Rd8 33.Nf4 Nc4 34.Nd3 Rd2 35.Rxd2 Nxd2 36.Ra1 Ra8
37.Bd6 Nc4 38.Bb4 Ne5 39.Nc5 Nc6 40.Ba3 Be7 41.Kf1 Ra5 42.Nd3 Bf6 43.Ke2 Ne5
44.Bb4 Ra8 45.Bc5 Nc4 46.Ra2 a3 47.Kf3 Rb8 48.Ke4 Rb2 49.Rxa3 Re2+ 50.Kf3 Re8  1/2-1/2

[Event "e2e4 Coventry Open"]
[Site "Coventry ENG"]
[Date "2013.08.26"]
[Round "6"]
[White "Burke,Steven J"]
[Black "Jaszkiwskyj,P"]
[Result "1/2-1/2"]
[WhiteElo "2001"]
[BlackElo "1982"]

1.d4 d5 2.c4 c6 3.Nf3 Nf6 4.g3 Bf5 5.Bg2 e6 6.O-O Bd6 7.Qb3 Qb6 8.c5 Qxb3
9.axb3 Bc7 10.Nc3 O-O 11.b4 Nbd7 12.Nh4 Bc2 13.b5 e5 14.bxc6 bxc6 15.e3 a5
16.Bh3 a4 17.f4 e4 18.Rf2 Bb3 19.g4 Rfd8 20.g5 Ne8 21.Nf5 Kf8 22.Bd2 Nb8
23.Bg4 Na6 24.Na2 Rdb8 25.Ng3 Bxa2 26.Rxa2 Nb4 27.Bxb4 Rxb4 28.Bd7 Ra6 29.Bc8 Ra8
30.Bd7 Ra6 31.Bc8 Ra8  1/2-1/2

[Event "TCh-SRB 1st League w 2013"]
[Site "Kragujevac SRB"]
[Date "2013.08.26"]
[Round "3.4"]
[White "Milivojevic,Jelena"]
[Black "Petrovic,Mari"]
[Result "0-1"]
[WhiteElo "1944"]
[BlackElo "2103"]

1.d4 d5 2.c4 c6 3.Nf3 Nf6 4.Qb3 g6 5.Nc3 Bg7 6.Bf4 O-O 7.h3 Ne4 8.cxd5 Nxc3
9.bxc3 cxd5 10.e3 Nc6 11.Be2 Na5 12.Qb4 Bf5 13.Nd2 b6 14.O-O Rc8 15.c4 Nc6
16.Qb5 e5 17.dxe5 d4 18.e4 d3 19.Bd1 Be6 20.Rc1 Nd4 21.Qb2 g5 22.Bg3 Nc6
23.Bb3 Qd4 24.Qxd4 Nxd4 25.Bd1 Rfd8 26.Re1 h6 27.Kf1 Bf8 28.Re3 Ba3 29.Rb1 Nc2
30.Rf3 Bb4 31.Nb3 Bxc4 32.Kg1 Be6 33.Nc1 Na3 34.Ra1 Bc3 35.Nxd3 Bxa1 36.Ba4 Nc4
37.Nb4 Nd2 38.Ra3 Rc1+ 39.Kh2 Nf1+  0-1

[Event "TCh-SRB 1st League 2013"]
[Site "Kragujevac SRB"]
[Date "2013.08.26"]
[Round "3.4"]
[White "Laketic,G"]
[Black "Bojkovic,S"]
[Result "1-0"]
[WhiteElo "2419"]
[BlackElo "2263"]

1.d4 d5 2.c4 c6 3.Nf3 Nf6 4.Qc2 g6 5.Bf4 Bg7 6.e3 Bf5 7.Qc1 O-O 8.Nc3 Ne4
9.Be2 Nxc3 10.bxc3 Qa5 11.Qb2 Nd7 12.O-O b6 13.cxd5 cxd5 14.Rfc1 Nb8 15.a4 Rc8
16.Nd2 b5 17.axb5 Qb6 18.c4  1-0

[Event "11th Kesan Open"]
[Site "Edirne TUR"]
[Date "2013.08.28"]
[Round "4.15"]
[White "Ozturk,E"]
[Black "Demir,Z"]
[Result "1-0"]
[WhiteElo "2201"]
[BlackElo "1952"]

1.d4 d5 2.c4 c6 3.Nf3 Nf6 4.Qc2 g6 5.Bf4 Bf5 6.Qb3 Qb6 7.c5 Qxb3 8.axb3 Nbd7
9.Nbd2 Bg7 10.h3 O-O 11.e3 Rfe8 12.b4 Ne4 13.Nb3 e5 14.Bh2 h5 15.Be2 f6 16.Nh4 Re7
17.Bxh5 Bh6 18.g4 gxh5 19.Nxf5 Rh7 20.Ke2 hxg4 21.hxg4 Bf8 22.Na5 Nb8 23.f3 Ng5
24.dxe5 b6 25.Nb3 bxc5 26.exf6 cxb4 27.Bxb8 Rxh1 28.Rxh1 Rxb8 29.Nbd4 c5
30.Nc6 Rb5 31.Rh5 Ne6 32.Nfe7+ Kf7 33.g5 d4 34.Rh7+ Ke8 35.Nd5 d3+ 36.Kd2 c4
37.Rxa7 c3+ 38.bxc3 bxc3+ 39.Nxc3 Rb2+ 40.Kxd3 Nxg5 41.f4 Bc5 42.Ra8+ Kd7
43.Nb8+  1-0